Score 0/18 Timer 04:00
0 Plays Today
% Correct
Grant Mitchell
77.5%
Michelle Fowler
39.7%
Nick Cotton
39.1%
Mo Slater
37.4%
Zoe Slater
36.8%
Ricky Butcher
32.8%
David Wicks
28.1%
Simon Wicks
27.8%
Sonia Fowler
26.5%
% Correct
Peter Beale
24.8%
Chrissie Watts
20.5%
Steven Beale
18.2%
Mickey Miller
15.2%
Ruby Allen
14.6%
Gus Smith
14.2%
Jake Moon
14.2%
Eddie Moon
11.9%
Lucas Johnson
8.9%
Remove Ads.
Support Sporcle.
Get the best of Sporcle when you Go Orange. This ad-free experience offers more features, more stats, and more fun while also helping to support Sporcle. Thank you for becoming a member.

You're not logged in!

Compare scores with friends on all Sporcle quizzes.
OR
Log In

Show Comments

Extras

Created Jul 18, 2012ReportNominate
Tags:Attender, Most Wanted, Return, Wanted

Top Quizzes Today


Score Distribution

Your Account Isn't Verified!

In order to create a playlist on Sporcle, you need to verify the email address you used during registration. Go to your Sporcle Settings to finish the process.

Report this User

Report this user for behavior that violates our Community Guidelines.

Details: